Воспроизводство регионального общественного продукта. (Схемы, модели, балансы)

Библиографические подробности
Главный автор: Килин П. М. Петр Мартемьянович
Автор-организация: Академия наук СССР (АН СССР) Дальневосточное отделение (ДВО) Институт экономических исследований (ИЭИ)
Другие авторы: Чичканов В. П. (редактор)
Язык:русский
Опубликовано: Москва, Наука, 1984
Серии:Проблемы советской экономики
Предметы:
Формат: Книга
Запись в KOHA:https://koha.lib.tpu.ru/cgi-bin/koha/opac-detail.pl?biblionumber=282479

MARC

LEADER 00000nam0a2200000 4500
001 282479
005 20231101235513.0
020 |a RU  |b 85-10486 
035 |a (RuTPU)RU\TPU\book\306383 
090 |a 282479 
100 |a 20150130d1984 k y0rusy5003 ca 
101 0 |a rus 
102 |a RU 
105 |a a z 001zd 
200 1 |a Воспроизводство регионального общественного продукта. (Схемы, модели, балансы)  |f П. М. Килин  |g Академия наук СССР (АН СССР), Дальневосточное отделение (ДВО), Институт экономических исследований (ИЭИ) ; под ред. В. П. Чичканова 
210 |a Москва  |c Наука  |d 1984 
215 |a 230 с.  |c схем. 
225 1 |a Проблемы советской экономики 
320 |a Библиогр.: с. 227-228 
600 1 |a Маркс  |g Карл  |b К.  |c немецкий мыслитель  |c общественный деятель  |c основоположник марксизма  |f 1818-1883  |2 stltpush  |3 (RuTPU)RU\TPU\pers\297 
600 1 |a Ленин  |b В. И.  |c настоящая фамилия Ульянов  |c российский политический деятель  |f 1870-1924  |g Владимир Ильич  |2 stltpush  |3 (RuTPU)RU\TPU\pers\1074  |9 486 
606 1 |a Воспроизводство  |x Экономика  |2 stltpush  |3 (RuTPU)RU\TPU\subj\36012  |9 57543 
610 1 |a общественный продукт 
610 1 |a социалистическое воспроизводство 
610 1 |a региональный продукт 
610 1 |a теория 
610 1 |a методология 
610 1 |a анализ 
610 1 |a модели 
610 1 |a простое воспроизводство 
610 1 |a расширенное воспроизводство 
610 1 |a закономерности 
610 1 |a показатели 
610 1 |a расчеты 
686 |a У9(2)0-96  |2 rubbk 
700 1 |a Килин  |b П. М.  |g Петр Мартемьянович  |4 070 
702 1 |a Чичканов  |b В. П.  |4 340 
712 0 2 |a Академия наук СССР (АН СССР)  |b Дальневосточное отделение (ДВО)  |b Институт экономических исследований (ИЭИ)  |c (Хабаровск)  |2 stltpush  |3 (RuTPU)RU\TPU\col\20855 
801 0 |a RU  |b RuMRKP  |c 19950704  |g psbo 
801 1 |a RU  |b 63413507  |c 20150130 
801 2 |a RU  |b 63413507  |c 20170721  |g RCR 
942 |c BK